00795 2200301 4500001002100000005001500021035002000036007000300056040001700059100002600076245005300102250001000155300003700165020001800202041000800220082001100228084001700239090001400256264003500270336002100305337003000326338002300356650001700379850001000396008004100406990002300447990002300470INLIS00000000000649320260412120904 a0010-0422000098ta aSBPUPADbind0 aFachruddinePengarang1 aEnsiklopedia Alquran :bJilid Satu /cFachruddin aCet.2 axi, 656 hal :billus. ;c18 cm a979-518-029-00 aind a2x1.03 a2x1.03 FAC e a500 KOE e aJakarta :bRineka Cipta,c1998 2rdacontentaTeks 2rdamediaaTanpa Perantara 2rdacarrieravolume 4aEnsiklopedia aPUPAD260412 0  a3472/BR/ARPUS/2007 a3470/Br/Arpus/2009